000 00519nam a2200169 i 4500
001 142858
003 ES-MaACL
005 20230906200637.0
007 t|
008 071010s1971 sp ||||1| spa d
100 1 _aVidal Isern, Antonio-Carlos.
_9114493
245 1 0 _aRecuerdos y fantasías /
_cAntonio-Carlos Vidal Isern.
260 _aPalma de Mallorca :
_b[s.n.],
_c1971 (
_fImp. Victoria)
300 _a157 p. :
_bil. ;
_c19 cm.
852 _aES-MaACL
_jC-42851
_bR.81540
852 _aES-MaACL
_jC-46629
_bR.77611
999 _c142858
_d142858